| Tag |
First Indicator |
Second Indicator |
Subfields |
| LEADER |
00000cam a22000001a 4500 |
| 001 |
in00003222016 |
| 005 |
20190404184328.0 |
| 006 |
m d f |
| 007 |
cr bn mmmapmmp |
| 008 |
091020s1988 dcua o f000 0 eng d |
| 035 |
|
|
|a cis2007454313
|
| 040 |
|
|
|a UMI
|c UMI
|d UtOrBLW
|
| 043 |
|
|
|a n-us---
|
| 074 |
|
|
|a 1037-B, 1037-C (microfiche)
|
| 086 |
0 |
|
|a Y 4.G 74/9:S.hrg.100-537
|
| 099 |
|
|
|a HRG-1987-SGA-0038
|
| 110 |
1 |
|
|a United States.
|b Congress.
|b Senate.
|b Committee on Governmental Affairs.
|b Subcommittee on Federal Spending, Budget, and Accounting.
|
| 245 |
1 |
0 |
|a Prisons projections :
|b can the United States keep pace? : hearing before the Subcommittee on Federal Spending, Budget, and Accounting of the Committee on Governmental Affairs, United States Senate, One Hundredth Congress, first session, July 21, 1987.
|
| 264 |
|
1 |
|a Washington :
|b U.S. G.P.O.,
|c 1988.
|
| 300 |
|
|
|a 1 online resource.
|
| 336 |
|
|
|a text
|b txt
|2 rdacontent
|
| 337 |
|
|
|a computer
|b c
|2 rdamedia
|
| 338 |
|
|
|a online resource
|b cr
|2 rdacarrier
|
| 490 |
1 |
|
|a S. hrg. ;
|v 100-537
|
| 500 |
|
|
|a Record is based on bibliographic data in ProQuest Congressional Hearings Digital Collection. Reuse except for individual research requires license from ProQuest, LLC.
|
| 538 |
|
|
|a System requirements: PDF reader software.
|
| 500 |
|
|
|a Electronic resource.
|
| 650 |
|
0 |
|a Prisons
|z United States
|x Overcrowding.
|
| 655 |
|
7 |
|a Electronic books.
|2 local
|
| 710 |
2 |
|
|a ProQuest (Firm)
|
| 776 |
0 |
8 |
|i Print version:
|a United States. Congress. Senate. Committee on Governmental Affairs. Subcommittee on Federal Spending, Budget, and Accounting.
|t Prisons projections
|w (OCoLC)17972590
|w gp 88012936
|
| 776 |
0 |
8 |
|i Microfiche version:
|a United States. Congress. Senate. Committee on Governmental Affairs. Subcommittee on Federal Spending, Budget, and Accounting.
|t Prisons projections.
|d [Bethesda, Md.] : ProQuest,[2004]
|o CIS 88 S401-32
|w (ProQuest)cis08802493
|
| 810 |
1 |
|
|a United States.
|b Congress.
|b Senate.
|t S. hrg. ;
|v 100-537.
|
| 830 |
|
0 |
|a U.S. Congressional Hearings.
|
| 856 |
4 |
0 |
|u http://proxy.library.tamu.edu/login?url=http://congressional.proquest.com/congcomp/getdoc?HEARING-ID=HRG-1987-SGA-0038
|z Connect to the full text of this electronic book
|t 0
|
| 998 |
|
|
|a cis08802493
|
| 999 |
|
|
|a MARS
|
| 999 |
f |
f |
|s a41fa1d0-b041-3f73-a26a-26394e447970
|i 1c0ccd2c-07f8-3e33-846f-f2f1560da0df
|t 0
|
| 952 |
f |
f |
|a Texas A&M University
|b College Station
|c Electronic Resources
|d Available Online
|t 0
|e HRG-1987-SGA-0038
|h Other scheme
|
| 998 |
f |
f |
|a HRG-1987-SGA-0038
|t 0
|l Available Online
|